The reality of management
Zapisane w:
| 1. autor: | |
|---|---|
| Format: | Książka |
| Język: | Undetermined |
| Wydane: |
London
Pan Books
1979
|
| Hasła przedmiotowe: | |
| Etykiety: |
Dodaj etykietę
Nie ma etykietki, Dołącz pierwszą etykiete!
|
| Thư viện lưu trữ: | Trung tâm Học liệu Trường Đại học Cần Thơ |
|---|
| LEADER | 00479nam a2200181Ia 4500 | ||
|---|---|---|---|
| 001 | CTU_89130 | ||
| 008 | 210402s9999 xx 000 0 und d | ||
| 082 | |a 658.19 | ||
| 082 | |b S849 | ||
| 100 | |a Stewart, Rosemary | ||
| 245 | 4 | |a The reality of management | |
| 245 | 0 | |c Rosemary Stewart | |
| 260 | |a London | ||
| 260 | |b Pan Books | ||
| 260 | |c 1979 | ||
| 650 | |a Management,Industrial management | ||
| 904 | |i M.Loan | ||
| 980 | |a Trung tâm Học liệu Trường Đại học Cần Thơ | ||